<?xml version="1.0" encoding="UTF-8"?>
<collection xmlns="http://www.loc.gov/MARC21/slim">
  <record>
    <leader>00000nam  2200000   4500</leader>
    <controlfield tag="001">INLIS000000000050698</controlfield>
    <controlfield tag="005">20170515112800</controlfield>
    <datafield tag="035" ind1="#" ind2="#">
      <subfield code="a">0010-0517000351</subfield>
    </datafield>
    <controlfield tag="007">ta</controlfield>
    <controlfield tag="008">170515###########################0######</controlfield>
    <datafield tag="020" ind1="#" ind2="#">
      <subfield code="a">978-602-1298-63-3</subfield>
    </datafield>
    <datafield tag="082" ind1="#" ind2="#">
      <subfield code="a">713</subfield>
    </datafield>
    <datafield tag="084" ind1="#" ind2="#">
      <subfield code="a">713 KEJ a</subfield>
    </datafield>
    <datafield tag="100" ind1=" " ind2="#">
      <subfield code="a">Kejora, Kirana</subfield>
    </datafield>
    <datafield tag="245" ind1="1" ind2="#">
      <subfield code="a">Ayah :</subfield>
      <subfield code="b">Menyayangi  Tampa Akhir /</subfield>
      <subfield code="c">Kirana Kejora</subfield>
    </datafield>
    <datafield tag="260" ind1="#" ind2="#">
      <subfield code="a">Jakarta :</subfield>
      <subfield code="b">Zettu</subfield>
    </datafield>
    <datafield tag="300" ind1="#" ind2="#">
      <subfield code="a">372 hlm. ;</subfield>
      <subfield code="c">20, 5 cm.</subfield>
    </datafield>
    <datafield tag="650" ind1="#" ind2="#">
      <subfield code="a">NOVEL</subfield>
    </datafield>
    <datafield tag="990" ind1="#" ind2="#">
      <subfield code="a">84208420</subfield>
    </datafield>
    <datafield tag="990" ind1="#" ind2="#">
      <subfield code="a">84208420</subfield>
    </datafield>
    <datafield tag="990" ind1="#" ind2="#">
      <subfield code="a">1292312923</subfield>
    </datafield>
    <datafield tag="990" ind1="#" ind2="#">
      <subfield code="a">01201712923</subfield>
    </datafield>
    <datafield tag="990" ind1="#" ind2="#">
      <subfield code="a">02201708420</subfield>
    </datafield>
    <datafield tag="990" ind1="#" ind2="#">
      <subfield code="a">02201708421</subfield>
    </datafield>
    <datafield tag="990" ind1="#" ind2="#">
      <subfield code="a">17021702</subfield>
    </datafield>
  </record>
</collection>
